Catálogo
 En Linea

Humanismo real y humanismo ficticio / (Registro nro. 20811)

Detalles MARC
000 -CABECERA
campo de control de longitud fija 01018nam a2200277 a 4500
001 - NÚMERO DE CONTROL
campo de control 000021311
005 - FECHA Y HORA DE LA ÚLTIMA TRANSACCIÓN
campo de control 20250424134023.0
008 - DATOS DE LONGITUD FIJA--INFORMACIÓN GENERAL
campo de control de longitud fija 100904s1977 ru r 000 0 spa d
040 ## - FUENTE DE LA CATALOGACIÓN
Centro catalogador/agencia de origen DO-SdBNP
Lengua de catalogación spa
Centro/agencia transcriptor BNPHU
041 17 - CÓDIGO DE LENGUA
Código de lengua del texto/banda sonora o título independiente spa
Código de lengua original rus
Fuente del código Código de idioma MARC
082 ## - NÚMERO DE LA CLASIFICACIÓN DECIMAL DEWEY
Número de clasificación 144
Número de documento/Ítem K42h
049 ## - FONDOS LOCALES (OCLC)
Fondos de biblioteca BNGR
100 1# - ENTRADA PRINCIPAL--NOMBRE DE PERSONA
Nombre de persona Keshelava, V.,
9 (RLIN) 44533
240 10 - TÍTULO UNIFORME
Título uniforme ГУМАНИЗМ ДЕЙСТВИТЕлЪНЫЙ И МНИМЫЙ.
Lenguaje de la obra Español.
245 10 - MENCIÓN DE TÍTULO
Título Humanismo real y humanismo ficticio /
Mención de responsabilidad, etc. V. Keshelava ; traducido del ruso por Pérez Castul.
260 ## - PUBLICACIÓN, DISTRIBUCIÓN, ETC.
Lugar de publicación, distribución, etc. Moscú :
Nombre del editor, distribuidor, etc. Progreso,
Fecha de publicación, distribución, etc. 1977.
300 ## - DESCRIPCIÓN FÍSICA
Extensión 271, [1] p. ;
Dimensiones 21 cm.
490 1# - MENCIÓN DE SERIE
Mención de serie Teoría y crítica
500 ## - NOTA GENERAL
Nota general Incluye notas al pie de las páginas.
534 ## - NOTA SOBRE LA VERSIÓN ORIGINAL
Frase introductoria Título original en ruso:
Mención de título del original ГУМАНИЗМ ДЕЙСТВИТЕлЪНЫЙ И МНИМЫЙ.
504 ## - NOTA DE BIBLIOGRAFÍA, ETC.
Nota de bibliografía, etc. Bibliografía: p. ([267]-271)
650 #0 - PUNTO DE ACCESO ADICIONAL DE MATERIA--TÉRMINO DE MATERIA
Término de materia o nombre geográfico como elemento de entrada Humanismo
9 (RLIN) 33685
650 #4 - PUNTO DE ACCESO ADICIONAL DE MATERIA--TÉRMINO DE MATERIA
Término de materia o nombre geográfico como elemento de entrada Antropología filosófica
9 (RLIN) 7458
700 1# - PUNTO DE ACCESO ADICIONAL--NOMBRE DE PERSONA
Nombre de persona Castul, Pérez,
Término indicativo de función/relación tr.
9 (RLIN) 44534
830 #0 - PUNTO DE ACCESO ADICIONAL DE SERIE-TÍTULO UNIFORME
Título uniforme Teoría y crítica
9 (RLIN) 31033
Existencias
Estado de retiro Estado de pérdida Restricciones de uso No para préstamo Código de colección Localización permanente Ubicación/localización actual Ubicación en estantería Fecha de adquisición Número de inventario Total de préstamos Signatura topográfica completa Código de barras Fecha visto por última vez Precio válido a partir de Tipo de ítem Koha
    Préstamo interno   Monografías: Libros y Folletos General General En catalogación 04.09.2010 LF1   144 K42h 21311-10 25.06.2020 25.06.2020 Préstamo interno

Con tecnología Koha